| 000 | 004660000a22001570004500 | ||
|---|---|---|---|
| 003 | MACL | ||
| 005 | 20170719124359.0 | ||
| 008 | 170719b xxu||||| |||| 00| 0 eng d | ||
| 040 | _cmacl | ||
| 100 |
_aसत्य प्रकाश _968308 |
||
| 245 | _aजहर | ||
| 260 |
_bसाहित्य भाण्डर _c1994 _aइलाहाबाद |
||
| 350 | _a45 | ||
| 650 |
_aउपन्यास _968309 |
||
| 942 |
_cHIN _k891.433/SAT/N _2ddc |
||
| 999 |
_c12037 _d12037 |
||